Elements of maser theory.

Bibliographic Details
Main Author: Vuylsteke, Arthur A.
Format: Book
Language:English
Published: Princeton, N.J. : Van Nostrand, [1960]
Subjects:

MARC

Tag First Indicator Second Indicator Subfields
LEADER 00000cam a2200000 4500
001 in00000039721
005 20151007064533.0
008 750818s1960 nju b 00000 eng u
010 |a  60016929  
035 |a (OCoLC)01556366 
035 |9 AAE0059AM 
040 |c FBA  |d OCL  |d TXA  |d UtOrBLW 
049 |a TXAM  |c [336008] 
050 0 0 |a QC483  |b .V8 
082 0 |a 537.5 
092 |a 537.5  |b V995e, 1960 
100 1 |a Vuylsteke, Arthur A. 
245 1 0 |a Elements of maser theory. 
264 1 |a Princeton, N.J. :  |b Van Nostrand,  |c [1960] 
300 |a 362 pages :  |b illustrations ;  |c 24 cm. 
336 |a text  |b txt  |2 rdacontent 
337 |a unmediated  |b n  |2 rdamedia 
338 |a volume  |b nc  |2 rdacarrier 
504 |a Includes bibliography. 
650 0 |a Quantum electronics. 
650 0 |a Masers. 
999 |a MARS 
999 f f |s 14549eff-92a6-3cc4-9e94-204354fff96f  |i c9bd0137-649b-36c9-aeea-ab89a41444f3  |t 0 
952 f f |p ric  |a Texas A&M University  |b Rellis Campus  |c Joint Library Facility  |d Remote Storage  |t 0  |e QC483 .V8  |h Library of Congress classification  |i unmediated -- volume  |m A14800923629 
998 f f |a QC483 .V8  |t 0  |l Remote Storage